000 00528nam a22002057a 4500
003 bpm
005 20260415100301.0
008 260415b |||||||| |||| 00| f spa d
020 _a978987619XXXX
024 _aS. C. C. / M. C. y E. M.:
040 _aAR-CtUCP
041 _aspa
080 _aCDU
100 _aBoyle Carlos
245 _aEl rey de los pantanos:
_bUn viaje desde los fantasmas de Rodolfo Walsh
260 _aCorrientes
_bMoglia
_c2014
650 _aLiteratura - Novela
942 _cLIB
999 _c76644
_d76644